000 00302nam a2200133Ia 4500
008 230917s9999||||xx |||||||||||||| ||und||
040 _e25465
_aMAIN
041 _aEnglish
082 _a330.9, M475E
100 _aMeier, Baldwin
245 0 _aEconomic development
300 _a586p p.
942 _cOB
999 _c231800
_d231800